Catálogo

Historia de la educación pública en México / (Registro nro. 45135)

Detalles MARC
000 -LEADER
fixed length control field 01335cam a2200325 i 4500
001 - CONTROL NUMBER
control field 45135
003 - CONTROL NUMBER IDENTIFIER
control field Mx-PuUPA
005 - DATE AND TIME OF LATEST TRANSACTION
control field 20250904133117.0
008 - FIXED-LENGTH DATA ELEMENTS--GENERAL INFORMATION
fixed length control field 140415s1982 mx a gr 000 0 spa d
020 ## - INTERNATIONAL STANDARD BOOK NUMBER
International Standard Book Number 9681609018
Qualifying information Fondo de Cultura Económica
020 ## - INTERNATIONAL STANDARD BOOK NUMBER
International Standard Book Number 9688001430
040 ## - CATALOGING SOURCE
Original cataloging agency Mx-PuUPA
Language of cataloging spa
Transcribing agency Mx-PuUPA
Modifying agency Mx-PuUPA
Description conventions rda
041 0# - LANGUAGE CODE
Language code of text/sound track or separate title spa
245 00 - TITLE STATEMENT
Title Historia de la educación pública en México /
Statement of responsibility, etc. coordinadores, Fernando Solana, Raúl Cardiel Reyes y Raúl Bolaños
250 ## - EDITION STATEMENT
Edition statement Primera edición /
Remainder of edition statement conmemorativa del LX aniversario de la Secretaria de Educación Publica
264 #1 - PRODUCTION, PUBLICATION, DISTRIBUTION, MANUFACTURE, AND COPYRIGHT NOTICE
Place of production, publication, distribution, manufacture México, D.F. :
Name of producer, publisher, distributor, manufacturer Secretaría de Educación Pública : Fondo de Cultura Económica,
Date of production, publication, distribution, manufacture, or copyright notice 1982
300 ## - PHYSICAL DESCRIPTION
Extent viii, 645 páginas, 32 páginas de láminas sin numerar :
Other physical details ilustraciones ;
Dimensions 24 cm
336 ## - CONTENT TYPE
Fuente rdacontent
Content type term texto
Content type code txt
337 ## - MEDIA TYPE
Source rdamedia
Media type term sin medio
Media type code n
338 ## - CARRIER TYPE
Source rdacarrier
Carrier type term volumen
Carrier type code nc
490 0# - SERIES STATEMENT
Series statement Sección de Obras de Historia
650 #7 - SUBJECT ADDED ENTRY--TOPICAL TERM
Topical term or geographic name entry element Educación
General subdivision Historia
Geographic subdivision México
700 1# - ADDED ENTRY--PERSONAL NAME
Personal name Solana, Fernando,
Relator term coordinador
9 (RLIN) 2056
700 1# - ADDED ENTRY--PERSONAL NAME
Personal name Cardiel Reyes, Raúl,
Relator term coordinador
9 (RLIN) 2057
700 1# - ADDED ENTRY--PERSONAL NAME
Personal name Bolaños, Raúl,
Relator term coordinador
942 ## - ADDED ENTRY ELEMENTS (KOHA)
Source of classification or shelving scheme Dewey Decimal Classification
Classification part 379.72
Item part H673
Koha item type Libro
Existencias
Withdrawn status Lost status Source of classification or shelving scheme Damaged status Not for loan Collection code Home library Current library Shelving location Date acquired Source of acquisition Total Checkouts Full call number Barcode Date last seen Date last checked out Price effective from Koha item type
    Dewey Decimal Classification     General Biblioteca Karol Wojtyla Biblioteca Karol Wojtyla Sala general 03/12/2013 Donación 3 379.72 H673 1982 67865 05/01/2026 04/02/2023 20/06/2016 Libro